| 000 | 00811 a2200205 4500 | ||
|---|---|---|---|
| 010 | _aENG-89392 | ||
| 020 |
_a8182202027 _c580.00 |
||
| 035 | _aEN-72925 | ||
| 037 | _bDBAD / PUB | ||
| 082 | 1 | 4 | _a616.89156 |
| 090 |
_c10843 _d10843 |
||
| 100 | _aHallett, Alison | ||
| 245 | 1 |
_aParental psychotherapy/ _cby Alison Hallett and Robert Hallett |
|
| 260 |
_aNew Delhi _bGlobal Vision Publishing House _c2007 |
||
| 270 |
_aF-4, 1st Floor, `Hari Sadan' 20, Ansari Road, Daryaganj, _bNew Delhi _cDelhi _e110002 _k30971125, 23261581, M-9810644769 _mnsingh_2004@vsnl.net |
||
| 300 |
_avii, 228p. _c22 cm. (Hb) |
||
| 500 | _aIncludes bibliographical references and index | ||
| 942 |
_adpl _cEN _k616.89156/ HAL |
||
| 999 |
_c10543 _d10543 |
||